Welcome to the Holygrace Academy Library

Please use search bar below to get started

ENDUPPUPPAKKORANENDARNNU (Record no. 4192)

MARC details
000 -LEADER
fixed length control field 00317nam a22001457a 4500
020 ## - INTERNATIONAL STANDARD BOOK NUMBER
ISBN 81-7130-240-2
082 ## - DEWEY DECIMAL CLASSIFICATION NUMBER
Classification number 894.812.3
Item number BAS/N
100 ## - MAIN ENTRY--AUTHOR NAME
Personal name BASHEER
245 ## - TITLE STATEMENT
Title ENDUPPUPPAKKORANENDARNNU
260 ## - PUBLICATION, DISTRIBUTION, ETC. (IMPRINT)
Place of publication KOTTAYAM
Name of publisher DC BOOKS
Year of publication 2018
300 ## - PHYSICAL DESCRIPTION
Number of Pages 128
520 ## - SUMMARY, ETC.
Summary, etc SHORT STOY
650 ## - SUBJECT ADDED ENTRY--TOPICAL TERM
Topical Term SHORT STORY
942 ## - ADDED ENTRY ELEMENTS (KOHA)
Koha item type Books
Holdings
Withdrawn status Lost status Collection code Home library Current library Shelving location Date acquired Source of acquisition Cost, normal purchase price Full call number Accession Number Koha item type
    Non-fiction Main Library Main Library SHELF-16- I- MALAYALAM NOVELS,FICTIONS 18/01/2019 Purchase 120.00 894.812.3 BAS/N 10525 Books